| 000 | 00540nam a22001937a 4500 | ||
|---|---|---|---|
| 999 |
_c77 _d77 |
||
| 003 | AR-CdUCM | ||
| 008 | 190221b ||||| |||| 00| 0 spa d | ||
| 040 |
_aMUNICIPALIDAD PROVINCIAL DEL CUSCO _cBIBLIOTECA MUNICIPAL DEL CUSCO |
||
| 041 | _heng | ||
| 082 |
_a895.303 / _bR21m |
||
| 100 |
_aRampa, Lobsang _9364 |
||
| 245 | _aEl médico de Lhasa | ||
| 260 |
_aEspaña : _bEdiciones Destino ; _c1964. |
||
| 300 |
_a235 páginas _c18cm |
||
| 505 | _aNovela | ||
| 650 |
_aNovela inglesa _9365 |
||
| 942 |
_2ddc _cLIBROS |
||
| 945 |
_anom _d2019-02-21 |
||